[Event "SLO-chT2"]
[Site "Ljubljana"]
[Date "2007.11.18"]
[Round "5.3"]
[White "Kastelic, Marian"]
[Black "Rakovec, Anton"]
[Result "1-0"]
[WhiteElo "2310"]
[BlackElo "2080"]
[PlyCount "69"]
[EventDate "2007.11.15"]
[EventType "team"]
[EventRounds "9"]
[EventCountry "SLO"]
[SourceTitle "CBM 121 Extra"]
[Source "ChessBase"]
[SourceDate "2008.01.10"]
[SourceVersion "1"]
[SourceVersionDate "2008.01.10"]
[SourceQuality "1"]
[WhiteTeam "Krka Novo Mesto"]
[BlackTeam "Jesenice"]
[WhiteTeamCountry "SLO"]
[BlackTeamCountry "SLO"]

1. e4 c5 2. Nf3 d6 3. d4 cxd4 4. Nxd4 Nf6 5. Nc3 a6 6. f4 e6 7. Bd3 Be7 8. 0-0 0-0 9. Kh1 Qc7 10. Qe1 Nbd7 11. a4 Re8 12. a5 Nc5 13. Qg3 Bd7 14. e5 Nh5 15. Qf3 Nxd3 16. cxd3 g6 17. Ne4 d5 18. Nc3 f6 19. Qe2 fxe5 20. fxe5 Rf8 21. Nf3 Ng7 22. Bg5 Qd8 23. Be3 Nf5 24. Bb6 Qe8 25. g4 Ng7 26. Qe3 Rc8 27. Qh6 Rf7 28. Be3 Bf8 29. Ng5 Nh5 30. Nxf7 Bxh6 31. Nxh6+ Kh8 32. gxh5 d4 33. Bg5 Kg7 34. Ne4 gxh5 35. Rf7+ 1-0

[Event "SLO-chT1 West"]
[Site "Otocec"]
[Date "2006.11.25"]
[Round "7"]
[White "Rakovec, Anton"]
[Black "Marinsek, Tomaz"]
[Result "1/2-1/2"]
[WhiteElo "2076"]
[BlackElo "2221"]
[PlyCount "31"]
[EventDate "2006.11.16"]
[EventType "team"]
[EventRounds "9"]
[EventCountry "SLO"]
[SourceTitle "EXT 2008"]
[Source "ChessBase"]
[SourceDate "2007.11.25"]
[SourceVersion "1"]
[SourceVersionDate "2007.11.25"]
[SourceQuality "1"]

1. e4 d5 2. exd5 Qxd5 3. Nc3 Qa5 4. d4 c6 5. Nf3 Nf6 6. Bd2 Qd8 7. Bc4 Bf5 8. Bf4 e6 9. h3 Bb4 10. Bd2 Nbd7 11. Bb3 Qc7 12. Qe2 Bd6 13. 0-0-0 0-0-0 14. Rhe1 Nd5 15. Ne4 Bf4 16. Kb1 1/2-1/2

[Event "SLO-chT1 West"]
[Site "Otocec"]
[Date "2006.11.17"]
[Round "2"]
[White "Kosmac, Blaz"]
[Black "Rakovec, Anton"]
[Result "1-0"]
[WhiteElo "2145"]
[BlackElo "2076"]
[PlyCount "99"]
[EventDate "2006.11.16"]
[EventType "team"]
[EventRounds "9"]
[EventCountry "SLO"]
[SourceTitle "EXT 2008"]
[Source "ChessBase"]
[SourceDate "2007.11.25"]
[SourceVersion "1"]
[SourceVersionDate "2007.11.25"]
[SourceQuality "1"]

1. e4 Nf6 2. Nc3 e5 3. Bc4 Bb4 4. f4 d6 5. Nf3 0-0 6. d3 Nc6 7. 0-0 h6 8. a3 Bxc3 9. bxc3 exf4 10. Bxf4 Be6 11. Bxe6 fxe6 12. Qe1 e5 13. Bd2 Nh5 14. g3 Qd7 15. Nh4 Rxf1+ 16. Qxf1 Ne7 17. Qf3 Qe8 18. Rf1 Kh7 19. Nf5 Nxf5 20. Qxf5+ Kg8 21. g4 Nf6 22. Bxh6 Nd7 23. Qg5 g6 24. Rf3 Qe6 25. Qh4 Nf8 26. c4 Nh7 27. Rh3 Qf7 28. Kg2 Re8 29. Rf3 Qe6 30. h3 Qe7 31. Qf2 Qe6 32. Qd2 c6 33. Kg3 b6 34. h4 Re7 35. Qf2 Rf7 36. Rxf7 Qxf7 37. Qxf7+ Kxf7 38. Bd2 Ke6 39. g5 d5 40. cxd5+ cxd5 41. a4 Nf8 42. Kg4 dxe4 43. dxe4 Nd7 44. Bb4 Nb8 45. h5 Nc6 46. c3 Kf7 47. Bd6 a6 48. h6 b5 49. axb5 axb5 50. Kf3 1-0

[Event "SLO-chT"]
[Site "Bled"]
[Date "2005.11.12"]
[Round "8"]
[White "Kastelic, Marian"]
[Black "Rakovec, Anton"]
[Result "1-0"]
[WhiteElo "2315"]
[BlackElo "2016"]
[PlyCount "109"]
[EventDate "2005.11.03"]
[EventType "team"]
[EventRounds "9"]
[EventCountry "SLO"]
[SourceTitle "CBM 109 Extra"]
[Source "ChessBase"]
[SourceDate "2006.01.03"]
[SourceVersion "2"]
[SourceVersionDate "2006.01.03"]
[SourceQuality "1"]

1. e4 Nf6 2. e5 Nd5 3. d4 d6 4. c4 Nb6 5. exd6 exd6 6. Be2 Be7 7. Nf3 0-0 8. 0-0 Nc6 9. b3 Bf5 10. Bb2 Bf6 11. Nc3 d5 12. c5 Nc8 13. Qd2 N8e7 14. Nd1 Ng6 15. Ne3 Be6 16. g3 Re8 17. Rfe1 Qd7 18. b4 a6 19. a4 a5 20. b5 Nce7 21. Ne5 Nxe5 22. dxe5 Bg5 23. f4 Bh6 24. Nc2 g6 25. Nd4 c6 26. Bc3 cxb5 27. Bxb5 Nc6 28. Bxc6 bxc6 29. Bxa5 Bg4 30. Bb6 Ra6 31. Qd3 Rea8 32. a5 Bf8 33. Qc3 Be7 34. Nc2 Bf5 35. Nd4 Bg4 36. Rf1 Bh3 37. Rf2 Qc8 38. Re1 Bd8 39. f5 Rxa5 40. e6 Ra3 41. exf7+ Kxf7 42. fxg6+ Kxg6 43. Qc2+ Kg7 44. Qb2 Bf6 45. Rxf6 Kxf6 46. Nb5+ Kg6 47. Nxa3 Qa6 48. Nc2 Re8 49. Qb1 Rxe1+ 50. Qxe1 Qd3 51. Ne3 Qd4 52. Qf2 Qa1+ 53. Nf1 d4 54. g4 Qb1 55. Bd8 1-0

[Event "SLO-chT"]
[Site "Bled"]
[Date "2005.11.05"]
[Round "3"]
[White "Kersic, Matej"]
[Black "Rakovec, Anton"]
[Result "1/2-1/2"]
[WhiteElo "2119"]
[BlackElo "2016"]
[PlyCount "30"]
[EventDate "2005.11.03"]
[EventType "team"]
[EventRounds "9"]
[EventCountry "SLO"]
[SourceTitle "CBM 109 Extra"]
[Source "ChessBase"]
[SourceDate "2006.01.03"]
[SourceVersion "2"]
[SourceVersionDate "2006.01.03"]
[SourceQuality "1"]

1. e4 Nf6 2. Nc3 e5 3. Bc4 Bc5 4. Nf3 Nc6 5. d3 a6 6. Be3 Bb4 7. 0-0 0-0 8. Nd5 Be7 9. h3 d6 10. a3 Nxd5 11. Bxd5 Bd7 12. Nh2 Kh8 13. f4 exf4 14. Bxf4 f5 15. exf5 Bxf5 1/2-1/2

[Event "SLO-chT West"]
[Site "Bled"]
[Date "2004.11.13"]
[Round "7"]
[White "Beletic, Daniel"]
[Black "Rakovec, Anton"]
[Result "1-0"]
[WhiteElo "2169"]
[BlackElo "2100"]
[PlyCount "77"]
[EventDate "2004.11.05"]
[EventType "team"]
[EventRounds "9"]
[EventCountry "SLO"]
[SourceTitle "EXT 2009"]
[Source "ChessBase"]
[SourceDate "2008.11.26"]
[SourceVersion "1"]
[SourceVersionDate "2008.11.26"]
[SourceQuality "1"]

1. e4 Nf6 2. e5 Nd5 3. d4 d6 4. Nf3 Bg4 5. Be2 e6 6. 0-0 Be7 7. c4 Nb6 8. Nc3 0-0 9. Be3 Nc6 10. exd6 cxd6 11. b3 d5 12. c5 Nc8 13. Rb1 Bxf3 14. Bxf3 Bf6 15. b4 N8e7 16. b5 Na5 17. Be2 Nf5 18. Qd2 b6 19. c6 Rc8 20. Bg4 Nc4 21. Qd3 Nfxe3 22. fxe3 Bg5 23. Rbe1 f5 24. Bd1 g6 25. Bb3 Nd6 26. a4 Nf7 27. Ne2 Qd6 28. Nf4 Kh8 29. Qc3 Bd8 30. e4 fxe4 31. Rxe4 dxe4 32. Nxe6 Bc7 33. g3 Ne5 34. Rxf8+ Rxf8 35. dxe5 Qe7 36. Nxf8 Bxe5 37. c7 Bxc3 38. c8Q Bd4+ 39. Kg2 1-0

[Event "SLO-chT sf"]
[Site "Slovenia"]
[Date "1996.??.??"]
[Round "3"]
[White "Kodric, Vladimir"]
[Black "Rakovec, Anton"]
[Result "1-0"]
[WhiteElo "1885"]
[BlackElo "2145"]
[PlyCount "84"]
[EventDate "1996.??.??"]
[EventType "team"]
[EventRounds "7"]
[EventCountry "SLO"]
[SourceTitle "EXT 1997"]
[Source "ChessBase"]
[SourceDate "1996.11.15"]
[SourceVersion "1"]
[SourceVersionDate "1996.11.15"]
[SourceQuality "1"]

1. d4 Nf6 2. Bf4 g6 3. Nf3 Bg7 4. e3 0-0 5. Bd3 c5 6. c3 d5 7. h3 Qb6 8. b3 Nc6 9. 0-0 Nd7 10. Qd2 e5 11. dxe5 Ndxe5 12. Nxe5 Nxe5 13. Bc2 Be6 14. a4 Rad8 15. a5 Qc6 16. Ra4 b5 17. axb6 axb6 18. Qe2 Nd7 19. Ra7 Nf6 20. Nd2 Nh5 21. Bg5 Ra8 22. Rxa8 Rxa8 23. c4 Ra2 24. Rc1 h6 25. Bh4 Qa8 26. Bb1 Rb2 27. Rc2 Qa1 28. Qd1 dxc4 29. Rxb2 Qxb2 30. Nxc4 Bxc4 31. bxc4 Qa1 32. Bd8 Qb2 33. Bd3 Qb4 34. Qb1 Bb2 35. g4 Ng7 36. Bc7 Ne6 37. Bg3 Kg7 38. Kg2 Ng5 39. h4 Ne6 40. Qc2 Kg8 41. Be4 b5 42. Bd5 Ng7 1-0